000 01313nam a2200337 c 4500
003 BLK
005 20250802120358.0
008 180413b bul|||||r ||||||| ||bul||
010 _aKNG00027161000
020 _a954-8240-68-8
_bиздат.: Обсидан
040 _aBLK
041 _aBUL
_cBUL
080 _aАмериканска литература (на САЩ)
_b821.111(73)
_x-312.4
_z821.111(73)-312.4
100 1 _aГришам, Джон
_eпърви автор
_956458
700 1 _aГерманов, Владимир
_eпрев. от англ.
_9363432
139 _aГришам, Джон
_bГ 84
245 1 0 _aЗавещанието
_bРоман
_cДжон Гришам; прев. от англ. Владимир Германов.
257 _aUSA
260 София
_bОбсидан
_c1999
_fВ. Търново : Абагар ООД
300 _a416 с.
_c20 см
380 _aX
500 _aОриг. загл. The Testament / John Grisham. - Офс. изд. - 15 000 тир. ; доп. тир. 2001.
653 _aтрилъри
653 _aромани
852 _aЦб 200616
856 4 _qpdf
_u
856 4 _qpdf
_u
942 _cKNG
_n0
_036
944 _aCR
_c15.01.2003
_lРусанова Ирена
_k30542
944 _aED
_c10.12.2013
_lф /
_k
999 _c24644
_d24644